000 00298nam a22001337a 4500
008 190226b xxu||||| |||| 00| 0 eng d
020 _a015329700x
041 _aeng
080 _23rd
_a371
100 _a46
101 _aEDU
245 _aVocabulary for college
_cDiederich,P.B
942 _2udc
_cBK
999 _c54254
_d54254